Valorizácia prírodného prostredia na území SR pre tvorbu ponuky v CR diplomová práca

Salvato in:
Dettagli Bibliografici
Autore principale: Mašanová, Zuzana
Ente Autore: Obchodná fakulta EU. Katedra služieb a cestovného ruchu - zrušené
Altri autori: Plesník, Pavol, 1956-
Natura: Libro
Lingua:slovacco
Pubblicazione: Bratislava 2011
Tags: Aggiungi Tag
Nessun Tag, puoi essere il primo ad aggiungerne!!

MARC

LEADER 00000nbm a2200000 4500
001 0140329
005 20161109101926.7
041 0 |a slo 
044 |a SK 
245 1 0 |a Valorizácia prírodného prostredia na území SR pre tvorbu ponuky v CR  |b diplomová práca  |c Zuzana Mašanová ; školiteľ: Pavol Plesník 
264 1 |a Bratislava  |c 2011 
300 |a 81 s. 
100 1 |a Mašanová, Zuzana 
700 1 |a Plesník, Pavol, 1956- 
710 2 |a Obchodná fakulta EU. Katedra služieb a cestovného ruchu - zrušené